Normal view
MARC view
- Farqan, azeem ur rehman
Entry Personal Name
001 - CONTROL NUMBER
- control field: 14976
003 - CONTROL NUMBER IDENTIFIER
- control field: NUST
005 - DATE AND TIME OF LATEST TRANSACTION
- control field: 20190618054208.0
008 - FIXED-LENGTH DATA ELEMENTS
- fixed length control field: 190618|| aca||aabn | a|a d
040 ## - CATALOGING SOURCE
- Original cataloging agency: NUST
- Transcribing agency: NUST
100 ## - HEADING--PERSONAL NAME
- Personal name: Farqan, azeem ur rehman
670 ## - SOURCE DATA FOUND
- Source citation: Work cat.: (NUST): Farqan, azeem ur rehman, Waqat ki mukhtasir tareekh /
